• 首页
  • 本馆介绍
  • 公告通知
  • 最新文献
  • 馆藏检索
  • 电子资源
  • 读者导购
  • 参考咨询
  • 我的图书馆
  • 登录
  • 详细信息显示
  • 放入我的书架
  • 预约/预借图书
  • 作者相关作品
  • 分类相关作品
  • 丛书相关作品
  • 出版社相关作品

书目信息

  • 表格格式
  • 工作单格式
  • 卡片格式
题名:
钢的氮化
    
 
作者: 郭铮匀 译
分册:  
出版信息: 北京   国防工业出版社  1979
页数: 249页
开本: 20cm
丛书名:
单 册:
中图分类: TG15
科图分类:
主题词: 渗氮-钢--研究 , 钢-渗氮--研究
电子资源:
ISBN:
000 00655nam0 2200241 45
001 0179005099
005 20060524105220.14
010    @dCNY1.05
091    @a15034.1830
100    @a19950731d1979 emky0chiy0121 ea
101 1  @achi@crus
102    @aCN@b110000
105    @ay z 000yy
200 10 @a钢的氮化@Agang de dan hua@f郭铮匀译@Fguo zheng yun yi
210    @a北京@c国防工业出版社@d1979
215    @a249页@d20cm
510 1  @aАзотирование стали@zrus
606    @a渗氮-钢@x研究
606    @a钢-渗氮@x研究
690    @aTG15@v3
701  0 @a郭铮匀@Aguo zheng yun@4译
801  0 @aCN@bTSSF@c20060524
905    @a10447@dTG15@e7
    
    钢的氮化/郭铮匀译.-北京:国防工业出版社,1979
    249页;20cm
    
    
    ISBN :CNY1.05
    
●
相关链接 在E读中查询图书 在五车中查询图书 在当当中查询图书 在豆瓣中查询图书


正题名:钢的氮化     索取号:TG15/7         预约/预借

序号 登录号 条形码 馆藏地/架位号 状态 备注
1 0021529   202390536   密集书库/ [索取号:TG15/7] 在馆    
2 0021530   202248406   密集书库/ [索取号:TG15/7] 在馆    
3 0021531   202390527   密集书库/ [索取号:TG15/7] 在馆    
唐山师范学院图书馆 欢迎您!
大连网信软件有限公司© 版权所有